000 00815nam a22001935i 4500
001 178730
003 ES-MaACL
005 20230906220607.0
008 110613s1974 sp |||| | spa d
080 _a546.212
100 1 _aOromi Durich, Joaquín.
_9147175
245 1 0 _aContribución al estudio de la contaminación y depuración de aguas /
_cresumen de la tesis presentada para aspirar al grado de doctor en medicina por Joaquín Oromi Durich.
260 _aBarcelona :
_bUniversidad de Barcelona, Secretariado de Publicaciones, Intercambio Científico y Extensión Universitaria :
_b[Ivern],
_c1974.
300 _a9 p. ;
_c24 cm.
500 _aCub. tomada como port.
650 4 _aAgua-
_xAnálisis.
_9139125
710 2 _aUniversidad de Barcelona.
_97141
852 _aES-MaACL
_jE-15361 (133)
_xOlim P-1374
999 _c178730
_d178730